[Event "1st GM Brena Baja-La Palma 2019"]
[Site "La Palma"]
[Date "2019.04.01"]
[Round "7.1"]
[White "Herrera Reyes, Jose Antonio"]
[Black "Gonzalez Perez, Arian"]
[Result "1-0"]
[WhiteElo "2324"]
[BlackElo "2467"]
[Annotator "TA"]
[PlyCount "89"]
[EventDate "2019.03.23"]
[EventType "tourn"]
[EventCountry "ESP"]
[SourceTitle "playchess.com"]
[Source "ChessBase"]
[SourceQuality "1"]

{[%evp 9,89,3,6,0,0,-18,0,-8,24,24,24,24,24,20,12,-15,-8,-11,-8,-31,0,-23,-10,-57,-37,-64,-48,-57,-51,-60,-10,-16,0,0,14,13,25,24,42,38,92,86,126,129,217,186,160,172,286,272,362,375,356,295,410,393,466,449,563,589,563,569,557,547,892,888,855,830,596,589,575,575,570,547,905,917,4981,2433,29988,29989,29987,2812]} 1. Nf3 Nf6 2. g3 g6 3. Bg2 Bg7 4. d3 O-O 5. O-O d6 6. a3 $146 {A05: Réti Opening: 1 Nf3 Nf6} (6. e4 e5 7. Re1 Nbd7 8. c3 b6 9. d4 Bb7 10. d5 Nc5 11. Qc2 c6 12. c4 cxd5 13. cxd5 Rc8 14. Nc3 a5 {½-½ (42) Amin,B (2710)-Grischuk,A (2771) St Petersburg 2018}) 6... e5 7. c3 h6 8. Nbd2 {The position is equal.} Nc6 9. b4 Be6 10. e4 Qd7 11. Re1 Bh3 12. Bh1 Ng4 13. Nh4 Ne7 14. Qb3 Kh7 (14... g5 {feels hotter.} 15. Ng2 a5 16. Bb2 a4 17. Qa2 b5) 15. f3 Nf6 16. Nf1 d5 17. Be3 Be6 18. Qb2 dxe4 19. dxe4 Qa4 20. f4 exf4 21. gxf4 Rad8 22. Bc5 Nfg8 23. f5 Bc8 24. Ng3 Rfe8 ({Black should play} 24... Bf6 $14 25. Nf3 b6) 25. Qa2 $16 Rf8 {[#]} 26. e5 $1 $36 {[%mdl 2048] aiming for f6. Black is under strong pressure.} gxf5 {[#]} (26... Nxf5 $16 27. Bxf8 Rxf8) 27. Nhxf5 $1 {[%mdl 512]} Nxf5 (27... Bxf5 28. Nxf5) 28. Be4 Kh8 (28... Qa6 {is a better defense.} 29. Bxf8 (29. Nxf5 Bxe5 30. Bxf8 Rxf8 $18) (29. Bxf5+ Bxf5 30. Bxf8 Rxf8 $16) 29... Rxf8) 29. Bxf8 ({Less strong is} 29. Nxf5 Bxe5 30. Bc2 (30. Bxf8 Rxf8 31. Qc4 Qe8 $16) 30... Qe8 $16) 29... Be6 30. Bxg7+ ({Don't do} 30. Nxf5 Bxf8 31. Qf2 Qd7 $18) 30... Nxg7 31. Qf2 Qb3 32. Qe3 b6 33. Rab1 Qc4 34. Rbd1 {[%cal Bb1d1,Bd1d4,Bd4f4,Bf4h4][%mdl 32]} Re8 35. Rd4 Qb5 36. Bc2 Qc6 37. Qd3 {[%csl Gc2][%cal Rd3h7]} f5 38. exf6 Nxf6 39. Rf4 Bg8 40. Rxe8 Ngxe8 41. Rh4 {Hoping for Qg6.} Nd5 42. Qd4+ Nef6 43. c4 Qe8 44. cxd5 {[%cal Rd4f6]} Qe1+ 45. Nf1 {Accuracy: White = 66%, Black = 34%.} (45. Kg2 $142 Kg7 46. Nh5+ {[%mdl 64] Double Attack} Kf8 47. Qxf6+ {[%mdl 64] Double Attack} Bf7 48. Rg4 Qe2+ 49. Kh3 Qe3+ 50. Rg3) 1-0

[Event "1st GM Brena Baja-La Palma 2019"]
[Site "La Palma"]
[Date "2019.04.01"]
[Round "7.2"]
[White "Lemos, Damian"]
[Black "Munoz, Miguel"]
[Result "1/2-1/2"]
[WhiteElo "2482"]
[BlackElo "2482"]
[Annotator "TA"]
[PlyCount "71"]
[EventDate "2019.03.23"]
[EventType "tourn"]
[EventCountry "ESP"]
[SourceTitle "playchess.com"]
[Source "ChessBase"]
[SourceQuality "1"]

{[%evp 15,71,0,41,2,37,42,49,56,56,54,58,52,50,43,60,48,41,29,46,25,60,69,68,65,52,65,64,37,45,37,66,59,77,49,74,0,67,59,66,51,57,54,52,40,33,23,41,36,45,41,33,24,35,0,0,0,0,0]} 1. Nf3 Nf6 2. b3 g6 3. Bb2 Bg7 4. g3 c5 5. c4 O-O 6. Bg2 Nc6 7. O-O d6 8. Nc3 Bf5 9. Nd5 {A38: Symmetrical English vs ...g6: 4 Bg2 Bg7 5 Nf3 Nf6} (9. Rc1 Qd7 10. Re1 Bh3 11. Bh1 h6 12. d4 cxd4 13. Nxd4 Ne5 14. e4 h5 15. f4 Neg4 16. Nf3 Nh7 {1-0 (48) Le,Q (2712)-Kasimdzhanov,R (2700) Dubai 2014}) 9... Ne8 $146 ({Predecessor:} 9... Qd7 10. Nxf6+ exf6 11. d4 Qe7 12. Re1 Be4 13. Qd2 Rfd8 14. Qe3 f5 15. Rad1 Nb4 16. Qd2 Nc2 {0-1 (41) Dayanova,R-Alpysbayeva,A (1991) Kostanay 2012}) 10. Bxg7 Nxg7 11. d4 {White is slightly better.} Be4 12. dxc5 dxc5 13. Nc3 Bxf3 14. Bxf3 Qc7 15. Bxc6 Qxc6 16. Qd5 Qc7 17. Rad1 Rfd8 18. Qe4 {And now Nd5 would win.} e6 19. Nb5 Qb6 20. Qe5 Ne8 21. Nc3 Qc7 22. Qg5 f6 23. Qe3 Kf7 24. Qf3 Kg7 25. Qe3 Kf7 $1 26. Nb5 Qb6 27. Qf3 Kg7 28. Qe4 Kf7 29. e3 a6 30. Nc3 Qc7 31. Qf3 Rac8 32. h4 Kg7 33. Qe4 Kf7 34. h5 f5 35. Qf3 Nf6 36. hxg6+ {Accuracy: White = 58%, Black = 68%.} 1/2-1/2

[Event "1st GM Brena Baja-La Palma 2019"]
[Site "La Palma"]
[Date "2019.04.01"]
[Round "7.3"]
[White "De Verdier, Michael"]
[Black "Juhasz, Armin"]
[Result "1/2-1/2"]
[WhiteElo "2306"]
[BlackElo "2375"]
[Annotator "TA"]
[PlyCount "69"]
[EventDate "2019.03.23"]
[EventType "tourn"]
[EventCountry "ESP"]
[SourceTitle "playchess.com"]
[Source "ChessBase"]
[SourceQuality "1"]

{[%evp 16,69,29,29,29,31,32,31,35,32,55,29,29,11,11,16,8,12,29,-35,-11,-15,-6,-25,-36,-39,-27,-44,-16,-27,-16,-20,-18,-29,-30,-41,-10,-12,0,0,0,0,0,0,0,0,0,0,0,0,0,0,0,0,6,0]} 1. Nf3 Nf6 2. c4 e6 3. Nc3 Bb4 4. Qc2 O-O 5. a3 Bxc3 6. Qxc3 b6 7. e3 Bb7 8. Be2 d6 9. O-O Nbd7 {A17: English Opening: 1...Nf6 with ...Bb4} 10. b4 Qe7 (10... a5 11. Bb2 Qe7 12. d3 Rfc8 13. Nd2 c5 14. b5 e5 15. Rae1 Re8 16. e4 Nf8 17. f4 exf4 18. Rxf4 {½-½ (54) Bu,X (2699)-Zhou,W (2606) China 2014}) 11. Bb2 e5 {White is slightly better.} 12. d4 {[%cal Rd4e5]} Ne4 13. Qb3 {[#]} exd4 $146 ({Predecessor:} 13... Ng5 14. Nxg5 Qxg5 15. d5 Qe7 16. Rfc1 a5 17. Bc3 f5 18. f3 Qf7 {½-½ (56) Debashis,D (2459)-Zeng,C (2538) Barcelona 2016}) 14. Bxd4 Ng5 15. Nxg5 Qxg5 {[%csl Gb7][%cal Rg5g2] [#]} 16. f3 Ne5 17. c5 (17. e4 $11) 17... dxc5 18. bxc5 Nc6 19. cxb6 Nxd4 20. exd4 cxb6 21. Bc4 Rad8 22. Rad1 Bd5 23. Rfe1 Rd6 24. Bxd5 Rxd5 25. Qe3 Qxe3+ 26. Rxe3 $15 {[%mdl 4096] Endgame KRR-KRR. The position is equal.} Rfd8 27. Re7 R5d7 28. Rxd7 Rxd7 $11 {KR-KR} 29. Kf2 f6 30. Ke3 Kf7 31. Rc1 Ke6 32. Ke4 Kd6 33. Rc8 Re7+ 34. Kd3 g6 35. Rg8 {Accuracy: White = 67%, Black = 63%.} 1/2-1/2

[Event "1st GM Brena Baja-La Palma 2019"]
[Site "La Palma"]
[Date "2019.04.01"]
[Round "7.4"]
[White "Ladron De Guevara Pinto, Paolo"]
[Black "Alvarado Diaz, Alejandro"]
[Result "1-0"]
[WhiteElo "2429"]
[BlackElo "2399"]
[Annotator "TA"]
[PlyCount "57"]
[EventDate "2019.03.23"]
[EventType "tourn"]
[EventCountry "ESP"]
[SourceTitle "playchess.com"]
[Source "ChessBase"]
[SourceQuality "1"]

{[%evp 11,57,8,5,0,0,-2,12,0,3,0,10,10,33,14,50,32,28,0,26,25,45,34,45,30,31,25,29,17,80,64,64,78,88,92,149,147,345,316,466,457,471,465,524,555,549,561,562,553]} 1. e4 e6 2. d4 d5 3. Nd2 Nf6 4. e5 Nfd7 5. f4 c5 6. Ngf3 Nc6 7. Nb3 {C05: French Tarrasch: 3...Nf6 4 e5 Nfd7, 5 f4 and 5 Bd3 sidelines} c4 8. Nbd2 {[%cal Bb3d2,Bd2f1,Bf1e3][%mdl 32]} Be7 9. Be2 {The position is equal.} b5 10. Nf1 Nb6 11. Ne3 Bd7 12. O-O Qc7 13. Qe1 $146 ({Predecessor:} 13. Bd2 a5 14. Be1 O-O-O {1-0 (33) Malakhov,V (2716)-Shulman,Y (2624) Bursa 2010}) 13... f5 14. Kh1 (14. exf6 $5 gxf6 15. b3 $11) 14... g6 15. b3 O-O 16. g4 Kh8 17. Bd2 a5 18. Rg1 Rg8 19. Rg2 b4 {[#]} (19... Qd8 $11) 20. Qg3 $1 $16 c3 21. Be1 a4 22. Rd1 Nd8 (22... Raf8 $142) 23. Qh3 Nf7 $2 {[#]} (23... Nc6 $16) 24. Bh4 $1 $18 {[%cal Rh4e7]} Bxh4 (24... g5 $142) 25. Nxh4 {White is clearly winning.} g5 26. gxf5 gxh4 27. fxe6 Rxg2 28. Nxg2 Nh6 29. Qxh4 {Accuracy: White = 66%, Black = 26%.} 1-0

[Event "1st GM Brena Baja-La Palma 2019"]
[Site "La Palma"]
[Date "2019.04.01"]
[Round "7.5"]
[White "Hernandez Leon, Alberto"]
[Black "Napoli, Nicolo"]
[Result "1-0"]
[WhiteElo "2280"]
[BlackElo "2321"]
[Annotator "TA"]
[PlyCount "47"]
[EventDate "2019.03.23"]
[EventType "tourn"]
[EventCountry "ESP"]
[SourceTitle "playchess.com"]
[Source "ChessBase"]
[SourceQuality "1"]

{[%evp 15,47,20,35,21,35,30,32,16,13,-3,28,29,56,22,22,44,26,16,114,113,128,118,428,432,427,434,425,383,525,513,596,540,527,535]} 1. d4 Nf6 2. Nf3 e6 3. c4 Bb4+ 4. Nbd2 b6 5. a3 Bxd2+ 6. Bxd2 Bb7 7. e3 O-O 8. Bd3 Ne4 9. O-O {E11: Bogo-Indian} f5 (9... Nxd2 10. Nxd2 f5 11. Qe2 Nc6 12. Rac1 Qf6 13. c5 Rae8 14. b4 Kh8 15. f4 g5 16. b5 Na5 17. fxg5 Qxg5 18. Nf3 Qg7 19. cxb6 cxb6 {½-½ (45) Topalov,V (2737)-Kasimdzhanov,R (2652) Tripoli 2004}) 10. Qc2 d6 11. Rfd1 {White is slightly better.} Nd7 12. Be1 Qf6 $146 ({Predecessor:} 12... Qe7 13. Nd2 Nxd2 14. Bxd2 c5 15. b4 Rac8 16. bxc5 dxc5 17. d5 Ne5 {1-0 (29) Hresc,V (2408)-Koch,M (2135) Latschach 2011}) 13. b4 Kh8 14. c5 bxc5 15. dxc5 {[#] Hoping for c6.} Bd5 {[%cal Rd6c5]} 16. c6 $36 {[%mdl 2048] White has some pressure.} Ne5 (16... Nb6 $11) 17. Nxe5 $16 Qxe5 18. Rab1 f4 $2 {[%mdl 8192] [#]} (18... Qf6 $16 {is tougher.}) 19. f3 $18 Ng5 20. e4 Bxe4 21. Bxe4 ({Don't play} 21. fxe4 f3 $18) 21... d5 22. Bd3 {White is clearly winning.} Rf6 23. Qe2 Qd6 24. Bh4 {Accuracy: White = 64%, Black = 18%.} 1-0

[Event "1st GM Brena Baja-La Palma 2019"]
[Site "La Palma"]
[Date "2019.04.01"]
[Round "8.1"]
[White "Gonzalez Perez, Arian"]
[Black "Napoli, Nicolo"]
[Result "1-0"]
[WhiteElo "2467"]
[BlackElo "2321"]
[Annotator "TA"]
[PlyCount "85"]
[EventDate "2019.03.23"]
[EventType "tourn"]
[EventCountry "ESP"]
[SourceTitle "playchess.com"]
[Source "ChessBase"]
[SourceQuality "1"]

{[%evp 30,85,16,20,33,0,18,24,30,33,53,47,53,52,59,25,47,0,60,69,75,75,75,75,91,92,95,29,30,28,39,0,45,41,67,71,89,62,104,-14,8,0,62,54,112,0,0,0,0,0,0,0,0,0,0,0,0,0]} 1. e4 c6 2. d4 d5 3. Nc3 dxe4 4. Nxe4 Bf5 5. Ng3 Bg6 6. h4 h6 7. Nf3 Nd7 8. h5 Bh7 9. Bd3 Bxd3 10. Qxd3 e6 11. Bd2 Ngf6 12. O-O-O Qc7 13. Ne4 O-O-O 14. g3 Nxe4 15. Qxe4 Nf6 16. Qe2 Rd5 {B19: Classical Caro-Kann: 4...Bf5 main line} (16... Bd6 17. Kb1 Kb8 18. c4 c5 19. Bc3 cxd4 20. Nxd4 a6 21. Nb3 Qc6 22. Rh4 Bc7 23. Rc1 Rhe8 24. c5 e5 25. Ba5 {1-0 (41) Safarli,E (2641)-Paichadze,L (2581) Kocaeli 2017}) 17. Ne5 Bd6 {[%cal Rd6e5]} (17... Rxd4 $5 {[%cal Rd4e4]} 18. Bf4 Re4 $15) 18. Nc4 $146 ({Predecessor:} 18. Bf4 c5 19. c4 cxd4 20. Nxf7 Bxf4+ 21. gxf4 Re8 22. Kb1 Rf5 23. Ne5 Rxf4 24. Ng6 {½-½ (38) Kachibadze,G (2263)-Holzapfel,D (2289) Germany 2018}) 18... Rd8 {White has an edge.} ({Don't blunder} 18... Rxd4 $2 19. Ba5 $18) 19. c3 Qe7 20. Nxd6+ Qxd6 21. Bf4 Qe7 22. Be5 Nd7 23. Bf4 Nb6 (23... Nf6 $11) 24. b3 $14 Qa3+ 25. Kb1 Qa5 26. c4 R5d7 {[#]} 27. d5 $1 {And now Qe5 would win.} Na8 {[%cal Re6d5]} 28. Qe5 (28. dxe6 $16 Qf5+ 29. Kb2 fxe6 30. Rxd7 Rxd7 31. Be5) 28... Nc7 $11 29. Qxg7 exd5 30. Bxc7 Qxc7 31. c5 $36 {[%mdl 2048] White is pushing.} Re7 32. Qxh6 Qe5 33. Qd2 Rh8 34. Rde1 (34. h6 $16) 34... Qf5+ 35. Kc1 Re5 (35... Rxh5 $11 36. Rxh5 Rxe1+ 37. Qxe1 Qxh5) 36. h6 $14 Kd7 ({Better is} 36... Rxe1+ $14 37. Qxe1 d4) 37. Kb2 ({White should try} 37. Re3 $16) 37... Rxe1 $11 {The position is equal.} 38. Rxe1 {Black must now prevent Ka3.} Rxh6 $1 {KQR-KQR} 39. Qb4 (39. Qxh6 $2 {loses.} Qxf2+ 40. Re2 Qxe2+ 41. Ka3 Qe7 $17) 39... Kc8 40. Re8+ Kd7 41. Re2 Kc8 42. Re8+ Kd7 43. Ra8 {[%mdl 32768] Accuracy: White = 44%, Black = 52%. . Loss on time!?} 1-0

[Event "1st GM Brena Baja-La Palma 2019"]
[Site "La Palma"]
[Date "2019.04.01"]
[Round "8.2"]
[White "Alvarado Diaz, Alejandro"]
[Black "Hernandez Leon, Alberto"]
[Result "1/2-1/2"]
[WhiteElo "2399"]
[BlackElo "2280"]
[Annotator "TA"]
[PlyCount "63"]
[EventDate "2019.03.23"]
[EventType "tourn"]
[EventCountry "ESP"]
[SourceTitle "playchess.com"]
[Source "ChessBase"]
[SourceQuality "1"]

{[%evp 22,63,0,-16,0,-18,0,-18,-27,-21,-10,-22,0,-24,0,-6,5,0,0,0,0,-18,-14,-14,-11,-17,-20,-14,-19,-27,-7,-20,-18,-14,-7,-24,-22,-18,0,-11,0,-18,0,-22]} 1. c4 c6 2. d4 d5 3. Nf3 Nf6 4. cxd5 cxd5 5. Nc3 Nc6 6. Bf4 Bf5 7. Nh4 Bd7 8. Nf3 Bf5 9. e3 e6 10. Bd3 Bxd3 11. Qxd3 Bd6 12. Bg3 O-O {D14: Slav Defence: Exchange variation with ...Bf5} 13. a3 (13. O-O) 13... Rc8 14. O-O Bxg3 15. hxg3 Qd6 16. Nb5 Qd8 17. Nc3 Qd6 18. Rac1 a6 19. Rc2 $146 ({Predecessor:} 19. Na4 Na5 20. Nc5 b5 21. Rc2 Nd7 22. Rfc1 {1-0 (52) Pasiev,R (2400)-Kulkarni,R (2282) Moscow 2015}) 19... Rc7 20. Rfc1 Rfc8 21. Ne2 Ne7 22. Rxc7 Rxc7 23. Rxc7 Qxc7 24. Qc3 Qxc3 25. Nxc3 $11 {[%mdl 4096] Endgame KNN-KNN} Nc6 26. Kf1 Kf8 27. Ke2 Ke7 28. Kd3 Ng4 29. Ke2 {The position is equal.} Nf6 30. Kd3 Ng4 31. Ke2 Nf6 32. Kd3 {Accuracy: White = 36%, Black = 33%.} 1/2-1/2

[Event "1st GM Brena Baja-La Palma 2019"]
[Site "La Palma"]
[Date "2019.04.01"]
[Round "8.3"]
[White "Juhasz, Armin"]
[Black "Ladron De Guevara Pinto, Paolo"]
[Result "1/2-1/2"]
[WhiteElo "2375"]
[BlackElo "2429"]
[Annotator "TA"]
[PlyCount "60"]
[EventDate "2019.03.23"]
[EventType "tourn"]
[EventCountry "ESP"]
[SourceTitle "playchess.com"]
[Source "ChessBase"]
[SourceQuality "1"]

{[%evp 20,60,20,20,16,19,22,22,26,25,23,8,27,39,33,32,32,22,30,32,21,31,33,18,16,10,6,6,53,52,52,50,54,54,57,58,74,35,46,42,89,57,57]} 1. Nf3 Nf6 2. c4 g6 3. Nc3 Bg7 4. e4 d6 5. d4 O-O 6. Be2 e5 7. O-O Nc6 8. dxe5 dxe5 9. Bg5 Qxd1 10. Rfxd1 Bg4 11. h3 Bxf3 {E97: King's Indian: Classical Main Line (6...e5 7 0-0 Nc6): 8 Be3 and 8 d5 Ne7, not 9 Ne1} 12. Bxf3 Nd4 13. Nd5 Nxd5 {The position is equal.} 14. cxd5 f5 15. Be3 {[#]} f4 $146 ({Predecessor:} 15... Rf7 16. Bxd4 exd4 17. exf5 gxf5 18. Re1 Kf8 19. Rac1 d3 20. Rcd1 Bxb2 21. Rxd3 Bg7 22. Rde3 Bd4 23. Re6 Rf6 24. Re7 Rf7 25. R7e6 Rf6 {½-½ (25) Li,C (2748)-Ding,L (2770) Zaozhuang 2015}) 16. Bxd4 exd4 17. Rac1 Be5 18. Bg4 Kf7 19. Rd3 Ke7 20. Rb3 Rab8 21. Rc4 h5 22. Be2 Rf6 23. Ra4 Rb6 24. Rxa7 Rxb3 25. axb3 $14 {[%mdl 4096] Endgame KRB-KRB} Kd6 26. Kf1 Bf6 27. Bd3 Be5 28. Ke2 g5 29. f3 Bf6 30. Bc4 Be5 {Accuracy: White = 59%, Black = 61%.} 1/2-1/2

[Event "1st GM Brena Baja-La Palma 2019"]
[Site "La Palma"]
[Date "2019.04.01"]
[Round "8.4"]
[White "Munoz, Miguel"]
[Black "De Verdier, Michael"]
[Result "1/2-1/2"]
[WhiteElo "2482"]
[BlackElo "2306"]
[Annotator "TA"]
[PlyCount "67"]
[EventDate "2019.03.23"]
[EventType "tourn"]
[EventCountry "ESP"]
[SourceTitle "playchess.com"]
[Source "ChessBase"]
[SourceQuality "1"]

{[%evp 14,67,9,2,0,3,0,0,0,0,8,8,4,4,10,0,0,0,0,0,0,-8,0,-6,0,0,0,0,0,0,0,0,15,0,0,-3,0,0,0,0,0,0,0,0,0,0,0,0,0,0,0,0,0,0,0,0]} 1. e4 e6 2. Nf3 d5 3. exd5 exd5 4. d4 Bd6 5. Bd3 Ne7 6. O-O O-O 7. Re1 Bf5 8. Bg5 {[#] aiming for Bxf5.The position is equal.} Bxd3 {C01: French: Exchange Variation} (8... f6 9. Bh4 Qd7 10. Bg3 Bxg3 11. hxg3 Nbc6 12. c3 Bxd3 13. Qxd3 Qf5 14. Qxf5 Nxf5 15. Nbd2 Rfe8 16. g4 {½-½ (32) Enchev,I (2472)-Dimitrov,R (2496) Plovdiv 2016}) 9. Qxd3 Nbc6 10. c4 $146 ({Predecessor:} 10. c3 f6 11. Bh4 Qd7 12. Bg3 Nf5 13. Bxd6 Nxd6 14. Nbd2 Qf7 15. Re2 Rfe8 16. Rae1 Rxe2 17. Rxe2 Re8 18. Rxe8+ Qxe8 19. Kf1 Nd8 20. Qe2 Kf7 21. Qxe8+ {½-½ (21) West,J (2220)-Encarnacion,E (2235) Parsippany 1998}) 10... dxc4 11. Qxc4 h6 12. Bxe7 Nxe7 13. Nc3 c6 14. Ne5 Qc7 15. Rac1 Rad8 16. a3 a6 17. b4 Nf5 (17... Rde8 {feels hotter.} 18. g3 Nf5 19. Nf3 Rxe1+ 20. Rxe1 Rd8) 18. Nd5 cxd5 19. Qxc7 Bxc7 20. Rxc7 Nxd4 21. Rxb7 Nc2 22. Rd1 Nxa3 23. Nc6 Rd6 24. Rb6 Re6 25. Rxa6 Rc8 26. Rxa3 Rexc6 $11 {[%mdl 4096] Endgame KRR-KRR} 27. Rad3 Rb6 28. Rd4 Rc4 29. Rxd5 Rcxb4 30. g3 Rb1 31. Rxb1 Rxb1+ 32. Kg2 g6 33. h4 h5 34. Rd7 {Accuracy: White = 50%, Black = 80%.} 1/2-1/2

[Event "1st GM Brena Baja-La Palma 2019"]
[Site "La Palma"]
[Date "2019.04.01"]
[Round "8.5"]
[White "Herrera Reyes, Jose Antonio"]
[Black "Lemos, Damian"]
[Result "0-1"]
[WhiteElo "2324"]
[BlackElo "2482"]
[Annotator "TA"]
[PlyCount "84"]
[EventDate "2019.03.23"]
[EventType "tourn"]
[EventCountry "ESP"]
[SourceTitle "playchess.com"]
[Source "ChessBase"]
[SourceQuality "1"]

{[%evp 9,84,15,21,0,0,0,7,0,1,0,11,10,20,-34,-42,-85,-73,-79,-104,-90,-99,-89,-82,-92,-90,-96,-85,-113,-84,-116,-108,-173,-161,-244,-236,-231,-189,-229,-214,-247,-201,-356,-351,-414,-414,-407,-389,-567,-525,-745,-713,-654,-598,-1021,-1005,-4062,-3677,-3471,-3393,-29988,-1859,-29974,-29973,-2093,-1781,-1782,-1614,-1666,-1602,-1425,-847,-1187,-854,-5710,-731,-1579,-1547]} 1. Nf3 d5 2. g3 c6 3. Bg2 Nf6 4. d3 Bf5 5. O-O e6 6. c3 {A07: Réti Opening: New York and Capablanca Systems} (6. b3 h6 7. Bb2 Be7 8. Nbd2 O-O 9. c4 a5 10. a3 Bh7 11. Qc2 Na6 12. Ne5 Nd7 13. Nxd7 Qxd7 14. Nf3 Rfc8 15. Bc3 Qd8 16. Qb2 Bf6 17. Ne5 Nc5 18. Bd4 Qd6 19. f4 dxc4 20. dxc4 Nxb3 21. Qxb3 Qxd4+ {0-1 (49) Caruana,F (2808)-Grischuk,A (2761) Paris 2017}) 6... h6 7. Qb3 Qc8 8. c4 {The position is equal.} Be7 9. cxd5 $146 ({Predecessor:} 9. Nd4 Bh7 10. cxd5 exd5 11. e4 O-O 12. Nc3 Na6 13. exd5 cxd5 14. Nxd5 Nxd5 15. Qxd5 {0-1 (34) Gutman,L (2485)-Svetushkin,D (2588) Korbach 2008}) 9... exd5 10. e4 dxe4 11. dxe4 (11. Nd4 $11 Bg6 12. dxe4) 11... Bxe4 $15 12. Ne5 O-O $1 13. Re1 Bxg2 14. Kxg2 Bd6 15. Nc4 Bc7 16. Nc3 Nbd7 $36 {[%cal Bb8d7,Bd7e5,Be5g6][%mdl 2080] Black is really pushing.} 17. Be3 b5 18. Nd2 Re8 19. f3 Ne5 20. Nce4 {[#]} (20. Qc2 $17) 20... Nd5 $1 $19 21. Bc5 (21. Bd4 $142) 21... Qf5 22. a4 bxa4 23. Rxa4 Rad8 {Threatens to win with ...Nd3!} 24. Rd4 Ng6 25. Qb7 $2 (25. Kg1) 25... Qd7 26. Qb3 f5 27. Rf1 {and the idea Nc3 leaves White hopeful.} Qe6 (27... fxe4 $2 28. fxe4 Nh4+ 29. Kh1 $17) 28. f4 (28. Nc3 $142 Ne3+ 29. Kg1 Qxb3 30. Nxb3 Nxf1 31. Rxd8 Rxd8 32. Kxf1) 28... Rb8 29. Qa3 fxe4 30. f5 {[#]} Nh4+ $1 31. gxh4 Qe5 {[%csl Gc7][%cal Re5h2]} 32. Rh1 Nf4+ 33. Kf1 Qxf5 34. Ke1 Nd3+ (34... Qg4 $142 35. Nf3 exf3+ {[%mdl 64] Discovered Attack} 36. Kd2 Qg2+ {[%mdl 64] Double Attack} 37. Kc1 Ne2+ {[%mdl 64] Double Attack} 38. Kc2 Nxd4+ {[%mdl 64] Discovered Attack (Double check)} 39. Kb1 Qxh1+ 40. Ka2 f2 41. Bxd4 f1=Q 42. Bb6 Qa1+ 43. Kb3 Qd5+ 44. Kc3 Qc1+ 45. Kb4 Re4#) 35. Rxd3 exd3+ 36. Kd1 Qe6 {( -> ...Qe2+). Black is clearly winning.} 37. b4 Qe2+ 38. Kc1 a5 39. Qb3+ Qe6 40. Qxd3 Rbd8 41. Qf3 {[#]} Qd5 (41... Rxd2 $142 $1 42. Kxd2 Qa2+ 43. Kc1 Be5) 42. Qb3 Bf4 {Accuracy: White = 26%, Black = 82%.} 0-1

[Event "1st GM Brena Baja-La Palma 2019"]
[Site "La Palma"]
[Date "2019.04.02"]
[Round "9.2"]
[White "De Verdier, Michael"]
[Black "Herrera Reyes, Jose Antonio"]
[Result "1/2-1/2"]
[WhiteElo "2306"]
[BlackElo "2324"]
[Annotator "TA"]
[PlyCount "87"]
[EventDate "2019.03.23"]
[EventType "tourn"]
[EventCountry "ESP"]
[SourceTitle "playchess.com"]
[Source "ChessBase"]
[SourceQuality "1"]

{[%evp 9,87,27,77,53,52,50,58,40,52,47,110,68,72,41,44,44,39,46,47,47,49,42,56,46,57,38,46,45,82,49,60,36,56,0,0,-22,-22,-5,68,0,55,54,94,70,70,72,68,75,75,42,97,107,114,116,313,317,321,310,320,315,437,400,496,352,488,468,446,192,190,139,193,160,266,263,292,0,232,0,213,0]} 1. Nf3 c5 2. c4 b6 3. g3 Bb7 4. Bg2 e6 (4... g6 5. O-O Bg7 6. Nc3 Nf6 7. d4 cxd4 8. Nxd4 Bxg2 9. Kxg2 Qc8 10. b3 Qb7+ 11. f3 Nc6 12. Nc2 O-O 13. e4 a6 14. a4 d6 15. Bb2 Rfd8 16. Rb1 e6 17. Ne3 Nd7 18. Rf2 Nc5 19. Rd2 Bh6 20. Re2 Bg7 21. Rd2 Bh6 22. Re2 Bg7 23. Rd2 {½-½ (23) Banusz,T (2607)-Almasi,Z (2699) Ajka 2018}) 5. O-O Qc7 6. b3 {A30: Symmetrical English: Double Fianchetto and Hedgehog} Nf6 7. Nc3 a6 8. d4 {White is slightly better.} cxd4 9. Qxd4 Be7 (9... Nc6 $14 10. Qd3 Be7) 10. Rd1 Nc6 11. Qd2 O-O 12. Bb2 Rac8 13. Rac1 Qb8 14. e4 d6 15. Qe3 $146 ({Predecessor:} 15. Qe2 Rfe8 16. Rd2 Ba8 17. Rcd1 {1-0 (54) Derichs,R (2295)-Schaefer,A (2155) Potsdam 1995}) 15... Ng4 16. Qe2 ({But not} 16. Qxb6 $2 Bd8 $19) 16... Nge5 17. Ne1 Nd7 18. Nc2 Nf6 19. Ne3 Ne5 20. f4 Ned7 21. Nf1 ({Better is} 21. b4 $14) 21... b5 $11 22. Nd2 Qa7+ 23. Kh1 Qa8 (23... b4 $11 24. Na4 e5) 24. Re1 (24. a3 $14) 24... Nc5 ({Black should try} 24... Rfd8 $11) 25. b4 $36 {[%mdl 2048] White is pushing.} Ncd7 26. a3 bxc4 27. Nxc4 Qa7 28. Na5 Ba8 29. h3 e5 (29... Rfd8 $14) 30. Nd5 $16 Nxd5 31. exd5 {[#] Threatens to win with Nc6.} f6 $2 (31... Rxc1 $16 32. Rxc1 Bf6) 32. Nc6 $18 Bxc6 33. dxc6 Nb6 34. Bd4 Bd8 35. Bg1 a5 36. Qb5 a4 {[#]} 37. c7 $1 {[%mdl 512]} Bxc7 (37... Rxc7 38. Bxb6) 38. Rxc7 (38. fxe5 $142 dxe5 39. Rc6) 38... Qxc7 39. Qxb6 (39. Bxb6 $18 Qc3 40. Re3 Qa1+ 41. Kh2) 39... Qc3 (39... Qxb6 $16 {was worth a try.} 40. Bxb6 Kf7) 40. Qe3 Qb2 (40... Qxe3 $16 {was called for.} 41. Rxe3 (41. Bxe3 Rc3 $16) 41... Kf7) 41. Re2 Qa1 42. Re1 Qb2 $1 43. Re2 Qa1 $1 44. Re1 $2 {Accuracy: White = 58%, Black = 52%.} (44. fxe5 $18 dxe5 45. Rd2) 1/2-1/2